MCQs in Paediatrics (Record no. 5486)

MARC details
000 -LEADER
fixed length control field 00516nam a22001937a 4500
003 - CONTROL NUMBER IDENTIFIER
control field OSt
005 - DATE AND TIME OF LATEST TRANSACTION
control field 20170124182055.0
008 - FIXED-LENGTH DATA ELEMENTS--GENERAL INFORMATION
fixed length control field 170124b xxu||||| |||| 00| 0 eng d
020 ## - INTERNATIONAL STANDARD BOOK NUMBER
International Standard Book Number 9780702022494
040 ## - CATALOGING SOURCE
Transcribing agency DMLN
082 ## - DEWEY DECIMAL CLASSIFICATION NUMBER
Classification number WS18 P137t 1999
100 ## - MAIN ENTRY--PERSONAL NAME
Personal name Marshall, Tom; Cochran, Dominic; Bath, Louise
9 (RLIN) 11454
245 ## - TITLE STATEMENT
Title MCQs in Paediatrics
260 ## - PUBLICATION, DISTRIBUTION, ETC. (IMPRINT)
Place of publication, distribution, etc. Edinburgh; Saunders, 1999
300 ## - PHYSICAL DESCRIPTION
Extent viii,404p; ill: 22cm
504 ## - BIBLIOGRAPHY, ETC. NOTE
Bibliography, etc Index included
650 ## - SUBJECT ADDED ENTRY--TOPICAL TERM
Topical term or geographic name as entry element MCQs Paediatrics
9 (RLIN) 11455
942 ## - ADDED ENTRY ELEMENTS (KOHA)
Source of classification or shelving scheme Other/Generic Classification Scheme
Koha item type Open Shelf
Holdings
Withdrawn status Lost status Source of classification or shelving scheme Damaged status Not for loan Home library Current library Date acquired Source of acquisition Inventory number Total Checkouts Full call number Barcode Date last seen Date last checked out Koha item type
    Other/Generic Classification Scheme     MUST Main Library MUST Main Library 24/01/2017   14/37573 1 WS18 P137t 1999 2017-0065 17/05/2017 24/01/2017 Open Shelf
    Other/Generic Classification Scheme     MUST Main Library MUST Main Library 24/01/2017   14/37574 1 WS18 P137t 1999 2017-0066 15/03/2022 22/02/2022 Open Shelf